[Event "POHÁR města Říčany 2023"]
[Site "Městské kulturní středisko U labutě"]
[Date "2023.08.26"]
[Round "1.1"]
[White "Petrun, Milan"]
[Black "Neuman, Petr"]
[Result "0-1"]
[WhiteElo "1784"]
[BlackElo "2370"]
[WhiteFideId "332267"]
[BlackFideId "305243"]
[PlyCount "0"]
[EventDate "2023.08.26"]

1. e4 {[%clk 01:30:45]} {[%emt 00:00:14]} 1... c5 {[%clk 01:30:56]} {[%emt
00:00:05]} 2. Nf3 {[%clk 01:31:04]} {[%emt 00:00:11]} 2... Nc6 {[%clk 01:31:19]}
{[%emt 00:00:08]} 3. d4 {[%clk 01:30:51]} {[%emt 00:00:43]} 3... cxd4 {[%clk
01:31:44]} {[%emt 00:00:05]} 4. Nxd4 {[%clk 01:31:10]} {[%emt 00:00:11]}
4... Nf6 {[%clk 01:32:11]} {[%emt 00:00:04]} 5. Nc3 {[%clk 01:31:20]} {[%emt
00:00:19]} 5... d6 {[%clk 01:32:36]} {[%emt 00:00:04]} 6. Be2 {[%clk 01:31:12]}
{[%emt 00:00:39]} 6... e6 {[%clk 01:32:44]} {[%emt 00:00:22]} 7. O-O {[%clk
01:30:18]} {[%emt 00:01:23]} 7... Be7 {[%clk 01:33:11]} {[%emt 00:00:04]} 8. Be3
{[%clk 01:26:36]} {[%emt 00:04:12]} 8... O-O {[%clk 01:33:35]} {[%emt 00:00:06]}
9. Nb3 {[%clk 01:16:59]} {[%emt 00:10:07]} 9... a6 {[%clk 01:33:55]} {[%emt
00:00:10]} 10. a4 {[%clk 01:16:47]} {[%emt 00:00:42]} 10... b6 {[%clk 01:34:19]}
{[%emt 00:00:06]} 11. f4 {[%clk 01:13:56]} {[%emt 00:03:21]} 11... Qc7 {[%clk
01:34:41]} {[%emt 00:00:08]} 12. Bf3 {[%clk 01:09:30]} {[%emt 00:04:55]}
12... Rb8 {[%clk 01:35:05]} {[%emt 00:00:06]} 13. Qe2 {[%clk 01:07:21]} {[%emt
00:02:39]} 13... Na5 {[%clk 01:34:17]} {[%emt 00:01:19]} 14. Rad1 {[%clk
00:58:49]} {[%emt 00:09:02]} 14... Nc4 {[%clk 01:33:57]} {[%emt 00:00:50]}
15. Bc1 {[%clk 00:58:17]} {[%emt 00:01:01]} 15... b5 {[%clk 01:33:58]} {[%emt
00:00:30]} 16. axb5 {[%clk 00:44:34]} {[%emt 00:14:13]} 16... axb5 {[%clk
01:34:25]} {[%emt 00:00:03]} 17. Nd4 {[%clk 00:43:08]} {[%emt 00:01:56]}
17... b4 {[%clk 01:10:00]} {[%emt 00:24:54]} 18. b3 {[%clk 00:33:56]} {[%emt
01:27:52]} 18... bxc3 {[%clk 01:08:35]} 19. bxc4 {[%clk 00:34:15]} 19... Ba6
{[%clk 01:06:36]} 20. Nb5 Bxb5 21. cxb5 Qc5+ 22. Be3 Qxb5 23. Qxb5 Rxb5 24. Bd4
Rc8 25. Rb1 Rxb1 26. Rxb1 Nd7 27. Rb7 Bf6 28. Rxd7 Bxd4+ 29. Kf1 Bc5 30. Rb7 g6
31. Ke2 e5 32. f5 Kg7 33. h4 Ra8 34. h5 Ra4 35. fxg6 hxg6 36. Kd3 d5 37. Kxc3
dxe4 38. Be2 Bd4+ 39. Kd2 Kf6 40. hxg6 Kxg6 41. Rb8 f5 42. Rg8+ Kf7 43. Rg3 e3+
44. Ke1 e4 45. Bc4+ Kf6 46. Rg8 0-1

[Event "POHÁR města Říčany 2023"]
[Site "Městské kulturní středisko U labutě"]
[Date "2023.08.26"]
[Round "1.2"]
[White "Smolik, Jachym"]
[Black "Sadil, Antonin"]
[Result "1-0"]
[WhiteElo "2340"]
[BlackElo "1774"]
[WhiteFideId "23701641"]
[BlackFideId "23735597"]
[PlyCount "0"]
[EventDate "2023.08.26"]

1. d4 d5 2. c4 c6 3. Nc3 e6 4. e4 dxe4 5. Nxe4 Nd7 6. Nf3 Ngf6 7. Nc3 Be7
8. Bd3 c5 9. O-O cxd4 10. Nxd4 Ne5 11. Be2 O-O 12. Bf4 Ng6 13. Be3 a6 14. Qb3
Qc7 15. Rac1 e5 16. Nc2 b5 17. cxb5 Be6 18. b6 Qb7 19. Qa4 Bd7 20. Qa5 Bc6
21. f3 Nd5 22. Nxd5 Bxd5 23. Rfd1 Be6 24. Nb4 Bxb4 25. Qxb4 a5 26. Qb5 Rfc8
27. Rxc8+ Rxc8 28. Qa6 Qb8 29. b7 Rc7 30. Qa8 1-0

[Event "POHÁR města Říčany 2023"]
[Site "Městské kulturní středisko U labutě"]
[Date "2023.08.26"]
[Round "1.3"]
[White "Steiner, Juraj"]
[Black "Horak, Martin"]
[Result "0-1"]
[WhiteElo "1772"]
[BlackElo "2302"]
[WhiteFideId "367516"]
[BlackFideId "367095"]
[PlyCount "0"]
[EventDate "2023.08.26"]

1. d4 Nf6 2. c4 e6 3. Nc3 Bb4 4. a3 Bxc3+ 5. bxc3 b6 6. Bg5 h6 7. Bh4 Nc6
8. Nf3 Ba6 9. e4 g5 10. Nxg5 Nxe4 11. Nf3 Ng5 12. Bg3 Qe7 13. Bxc7 d6 14. c5
Qxc7 15. Bxa6 dxc5 16. O-O Rd8 17. Bb5 Kf8 18. h4 Ne4 19. Bxc6 Qxc6 20. Ne5 Qd5
21. Qf3 Rh7 22. c4 Qb7 23. Rfe1 Rxd4 24. Rad1 Nd6 25. Nc6 Rxd1 26. Rxd1 Qc7
27. Qd3 Nf5 28. Qe4 h5 29. Ne5 Nd4 30. Qxh7 Qxe5 31. Qh6+ Ke8 32. Qd2 Qe4
33. Re1 Qxh4 34. Qh6 Qg4 35. Re3 Qd1+ 36. Kh2 Ne2 37. Rxe2 Qxe2 38. Qh8+ Ke7
39. Qa8 Qxf2 40. Qxa7+ Kf6 41. Qxb6 Qh4+ 42. Kg1 Qe1+ 43. Kh2 Qe5+ 44. Kh1 Qa1+
45. Kh2 Qxa3 46. Qd8+ Kf5 47. Qh4 Qe3 48. Qxh5+ Kf6 49. Qh8+ Ke7 50. Qh4+ Kd6
51. Qg4 Qd4 52. Qg8 f5 53. Qd8+ Ke5 54. Qb8+ Ke4 55. Qb1+ Qd3 56. Qb7+ Ke3
57. Qf3+ Kd4 58. Qf4+ Qe4 59. Qc1 Qe3 60. Qc2 f4 61. Qd1+ 0-1

[Event "POHÁR města Říčany 2023"]
[Site "Městské kulturní středisko U labutě"]
[Date "2023.08.26"]
[Round "1.4"]
[White "Vojta, Jakub"]
[Black "Sedmihradsky, Tomas"]
[Result "1-0"]
[WhiteElo "2288"]
[BlackElo "1768"]
[WhiteFideId "382515"]
[BlackFideId "23709936"]
[PlyCount "0"]
[EventDate "2023.08.26"]

1. e4 e6 2. d4 d5 3. e5 c5 4. c3 Nc6 5. Nf3 cxd4 6. Bd3 dxc3 7. bxc3 Bd7 8. O-O
Qc7 9. Re1 a6 10. a4 O-O-O 11. Bf4 Bc5 12. Nbd2 Na5 13. Qe2 Ne7 14. Bg3 Bc6
15. Nd4 Kb8 16. Reb1 Ka7 17. N2b3 Bb6 18. Nxa5 Bxa5 19. f4 Rb8 20. Bf2 b6
21. Nb5+ Bxb5 22. axb5 Bxc3 23. Rxa6+ Kb7 24. Ra7+ 1-0

[Event "POHÁR města Říčany 2023"]
[Site "Městské kulturní středisko U labutě"]
[Date "2023.08.26"]
[Round "1.5"]
[White "Meca, Viktor"]
[Black "Soucek, Petr"]
[Result "0-1"]
[WhiteElo "1755"]
[BlackElo "2268"]
[WhiteFideId "23725672"]
[BlackFideId "23715170"]
[PlyCount "0"]
[EventDate "2023.08.26"]

1. e4 d6 2. d4 Nf6 3. Nc3 g6 4. Nf3 Bg7 5. Bc4 O-O 6. O-O Nxe4 7. Re1 Nxc3
8. bxc3 Nd7 9. Bg5 Nf6 10. Qc1 Bg4 11. Nh4 Re8 12. Rb1 b6 13. h3 Bd7 14. Bh6 c5
15. Bxg7 Kxg7 16. Qg5 Qc7 17. d5 Rab8 18. Bb5 h6 19. Qd2 a6 20. Bxd7 Qxd7 21. c4
Qa4 22. Qc3 b5 23. cxb5 Qxh4 24. b6 Qd4 25. Qa5 Nxd5 26. b7 Qc4 27. Rb3 e6
28. f3 Qd4+ 29. Kh1 c4 30. Rbb1 Qa7 31. Qa4 Nc3 0-1

[Event "POHÁR města Říčany 2023"]
[Site "Městské kulturní středisko U labutě"]
[Date "2023.08.26"]
[Round "1.6"]
[White "Walek, Petr"]
[Black "Stufka, Karel"]
[Result "0-1"]
[WhiteElo "2219"]
[BlackElo "1730"]
[WhiteFideId "339393"]
[BlackFideId "303127"]
[PlyCount "0"]
[EventDate "2023.08.26"]

1. e4 e5 2. Nf3 Nc6 3. Bb5 Nf6 4. O-O Nxe4 5. d4 Nd6 6. Bxc6 dxc6 7. dxe5 Nf5
8. Qxd8+ Kxd8 9. h3 h6 10. Rd1+ Ke8 11. g4 Ne7 12. Kg2 Be6 13. Nc3 Rd8 14. Nd4
Nd5 15. Nce2 Nb6 16. Bd2 Bd5+ 17. Kg3 Nc4 18. Bc3 Nxe5 19. Nf5 f6 20. Nf4 Kf7
21. h4 g5 22. hxg5 hxg5 23. Nh3 Bd6 24. Nxg5+ Kg6 25. Nh3 Rdf8 26. Nxd6 Nf3 0-1

[Event "POHÁR města Říčany 2023"]
[Site "Městské kulturní středisko U labutě"]
[Date "2023.08.26"]
[Round "1.7"]
[White "Stork, Rostislav"]
[Black "Rodshtein, Tereza"]
[Result "0-1"]
[WhiteElo "1723"]
[BlackElo "2203"]
[WhiteFideId "354988"]
[BlackFideId "325449"]
[PlyCount "0"]
[EventDate "2023.08.26"]

1. e4 e5 2. Nf3 Nc6 3. Nc3 Nf6 4. Bb5 Bb4 5. O-O O-O 6. d4 exd4 7. Nd5 Be7
8. Nxd4 Nxd5 9. exd5 Nxd4 10. Qxd4 d6 11. c3 Bf5 12. Bf4 a6 13. Ba4 b5 14. Bb3
Bf6 15. Qd2 Re8 16. Rfe1 Qd7 17. Rxe8+ Rxe8 18. Re1 a5 19. Bd1 Be4 20. Bf3 Bxf3
21. Rxe8+ Qxe8 22. gxf3 h6 23. b3 a4 24. c4 bxc4 25. bxc4 g5 26. Be3 Qe5 27. f4
Qf5 28. fxg5 hxg5 29. c5 Qg4+ 30. Kf1 Qh3+ 31. Ke1 Qxh2 32. cxd6 cxd6 33. Qa5
Qh4 34. Qa8+ Kg7 35. Qc6 Qb4+ 36. Kf1 Qb1+ 37. Kg2 Qe4+ 38. Kf1 Be5 39. Bxg5
Qh1+ 0-1

[Event "POHÁR města Říčany 2023"]
[Site "Městské kulturní středisko U labutě"]
[Date "2023.08.26"]
[Round "1.8"]
[White "Seidl, Jan"]
[Black "Koper, Stefan"]
[Result "1-0"]
[WhiteElo "2163"]
[BlackElo "1720"]
[WhiteFideId "23714522"]
[BlackFideId "306606"]
[PlyCount "0"]
[EventDate "2023.08.26"]

1. e4 d6 2. d4 Nf6 3. Nc3 c6 4. f4 Bg4 5. Nf3 Bxf3 6. Qxf3 e6 7. Bd3 Nbd7
8. O-O h5 9. e5 Nd5 10. f5 Qh4 11. Ne4 dxe5 12. fxe6 N7f6 13. exf7+ Kd8 14. Bg5
Qg4 15. dxe5 Be7 16. exf6 gxf6 17. Qxg4 hxg4 18. Nxf6 Nxf6 19. Bxf6 Bxf6
20. Rxf6 1-0

[Event "POHÁR města Říčany 2023"]
[Site "Městské kulturní středisko U labutě"]
[Date "2023.08.26"]
[Round "1.9"]
[White "Konvalinka, Vladislav"]
[Black "Taborsky, Rostislav"]
[Result "0-1"]
[WhiteElo "1705"]
[BlackElo "2153"]
[WhiteFideId "342955"]
[BlackFideId "307491"]
[EventDate "2023.08.26"]

1. d4 {[%clk 01:30:56]} {[%emt 00:00:02]} 1... Nf6 {[%clk 01:30:55]} {[%emt
00:00:06]} 2. c4 {[%clk 01:31:18]} {[%emt 00:00:09]} 2... e6 {[%clk 01:31:18]}
{[%emt 00:00:06]} 3. g3 {[%clk 01:31:34]} {[%emt 00:00:14]} 3... c5 {[%clk
01:31:42]} {[%emt 00:00:06]} 4. Nf3 {[%clk 01:31:48]} {[%emt 00:00:15]}
4... cxd4 {[%clk 01:31:31]} {[%emt 00:00:42]} 5. Nxd4 {[%clk 01:32:07]} {[%emt
00:00:11]} 5... d5 {[%clk 01:31:56]} {[%emt 00:00:05]} 6. Bg2 {[%clk 01:31:52]}
{[%emt 00:00:44]} 6... e5 {[%clk 01:32:20]} {[%emt 00:00:06]} 7. Nc2 {[%clk
01:30:52]} {[%emt 00:01:30]} 7... d4 {[%clk 01:29:47]} {[%emt 00:03:03]} 8. O-O
{[%clk 01:27:04]} {[%emt 00:04:18]} 8... Nc6 {[%clk 01:28:01]} {[%emt 00:02:17]}
9. Qd3 {[%emt 00:58:53]} 9... Be6 {[%emt 00:07:32]} 10. b3 {[%emt 00:02:20]}
10... Bc5 {[%clk 00:28:52]} {[%emt 00:10:30]} 11. Ba3 {[%clk 01:13:31]}
11... Qe7 {[%clk 00:22:54]} {[%emt 01:09:50]} 12. Bxc5 {[%clk 01:11:21]}
12... Qxc5 {[%clk 00:23:18]} 13. Nd2 {[%clk 01:10:47]} 13... O-O 14. Ne4 {[%clk
01:08:07]} 14... Nxe4 {[%clk 00:21:26]} 15. Qxe4 {[%clk 01:06:21]} 15... f5
16. Qh4 e4 {[%clk 00:17:29]} 17. Rad1 Rad8 18. Rd2 h6 19. Rfd1 Kh7 20. g4 Qe5
21. f4 Qc5 22. Qg3 d3+ 23. Ne3 dxe2 24. Rxd8 Rxd8 25. Rxd8 Nxd8 26. Kf2 Nc6
27. gxf5 Bxf5 28. Kxe2 Nd4+ 29. Kf1 g6 30. Nxf5 gxf5 31. Qe3 Qd6 32. Bh3 Qf6
33. Qc3 Kg6 34. Kf2 b6 35. Ke3 Nf3 36. Qc2 Qd4+ 37. Ke2 Qg1 38. Qd1 Qxh2+
39. Ke3 Qxh3 40. Qd6+ Kh5 0-1

[Event "POHÁR města Říčany 2023"]
[Site "Městské kulturní středisko U labutě"]
[Date "2023.08.26"]
[Round "1.10"]
[White "Bezdek, Tomas"]
[Black "Verner, Matej"]
[Result "1-0"]
[WhiteElo "2136"]
[BlackElo "1698"]
[WhiteFideId "23733551"]
[BlackFideId "23729236"]
[PlyCount "0"]
[EventDate "2023.08.26"]

1. e4 c5 2. Nf3 g6 3. d4 cxd4 4. Nxd4 Nc6 5. c4 Bg7 6. Be3 Nf6 7. Nc3 Ng4
8. Qxg4 Nxd4 9. Qd1 Ne6 10. Be2 Qa5 11. Qd2 b6 12. O-O Bb7 13. f3 h5 14. a3 h4
15. h3 g5 16. b4 Qe5 17. Nd5 Nd4 18. Rad1 Nxe2+ 19. Qxe2 g4 20. Bf4 gxf3
21. Qxf3 Qb2 22. Rd2 1-0

[Event "POHÁR města Říčany 2023"]
[Site "Městské kulturní středisko U labutě"]
[Date "2023.08.26"]
[Round "1.11"]
[White "Horyna, Josef"]
[Black "Skypala, Ondrej"]
[Result "0-1"]
[WhiteElo "1689"]
[BlackElo "2132"]
[WhiteFideId "316369"]
[BlackFideId "366285"]
[EventDate "2023.08.26"]

1. d4 Nf6 2. Nf3 e6 3. g3 b5 4. Bg2 Bb7 5. O-O Be7 6. Nbd2 O-O 7. c3 c5 8. dxc5
Bxc5 9. Nb3 Be7 10. Bg5 Qc7 11. Nfd4 Bxg2 12. Kxg2 a5 13. Kg1 Qb7 14. Qd3 b4
15. cxb4 axb4 16. Rfc1 h6 17. Bd2 Nc6 18. Nxc6 dxc6 19. Qf3 Ra6 20. Nc5 Bxc5
21. Rxc5 Rd8 22. Be3 Nd7 23. Rcc1 Rda8 24. a3 Qb5 25. Kg2 c5 26. Qh5 bxa3
27. Rxa3 Rxa3 28. bxa3 Rxa3 29. Qh4 Qc6+ 30. Kg1 Ra8 31. Qe7 c4 32. g4 Nf6
33. g5 Nd5 34. Qc5 Qxc5 35. Bxc5 Nf4 36. Rxc4 Ra1+ 0-1

[Event "POHÁR města Říčany 2023"]
[Site "Městské kulturní středisko U labutě"]
[Date "2023.08.26"]
[Round "1.12"]
[White "Hejsek, Lukas"]
[Black "Pavlicek, Petr"]
[Result 1/2-1/2"]
[WhiteElo "2081"]
[BlackElo "1688"]
[WhiteFideId "393860"]
[BlackFideId "325163"]
[PlyCount "0"]
[EventDate "2023.08.26"]

1. d4 Nf6 2. Nf3 g6 3. g3 Bg7 4. Bg2 d5 5. O-O O-O 6. c4 c6 7. Qb3 Qb6 8. c5
Qa6 9. Nc3 b6 10. cxb6 axb6 11. Bf4 Nbd7 12. Rfe1 Bb7 13. e4 dxe4 14. Ng5 Nd5
15. Rxe4 N7f6 16. Nxd5 Nxd5 17. a4 h6 18. Nf3 Nxf4 19. Rxf4 e6 20. Ne5 Bxe5
21. dxe5 c5 22. Bf1 Qa5 23. Bc4 Kg7 24. h4 Rad8 25. h5 g5 26. Rf6 Bd5 27. Bxd5
Rxd5 28. Qe3 Qd2 29. Rf3 Qxb2 30. Re1 Qd4 1/2-1/2

[Event "POHÁR města Říčany 2023"]
[Site "Městské kulturní středisko U labutě"]
[Date "2023.08.26"]
[Round "1.13"]
[White "Migalko, Dmitriy"]
[Black "Rut, Vojtech"]
[Result "0-1"]
[WhiteElo "1670"]
[BlackElo "2061"]
[WhiteFideId "34147489"]
[BlackFideId "333190"]
[PlyCount "0"]
[EventDate "2023.08.26"]

1. c4 f5 2. Nc3 Nf6 3. g3 e5 4. Bg2 Bb4 5. e3 Bxc3 6. bxc3 d6 7. d4 Qe7 8. Rb1
c6 9. Ba3 Nbd7 10. Ne2 e4 11. Nf4 g5 12. Nh5 O-O 13. h4 Nxh5 14. Qxh5 g4 15. Qh6
Rf6 16. Qg5+ Kh8 17. Bf1 Nf8 18. c5 Ne6 19. cxd6 Qf7 20. Qxf6+ Qxf6 21. d7 Bxd7
22. Rxb7 Bc8 23. Re7 Rb8 24. Bd6 Rb1+ 25. Kd2 Ng7 26. Rxg7 Qxg7 27. Bc4 Rb2+
28. Kc1 Rxf2 0-1

[Event "POHÁR města Říčany 2023"]
[Site "Městské kulturní středisko U labutě"]
[Date "2023.08.26"]
[Round "1.14"]
[White "Davidek, Zdenek"]
[Black "Mydlar, Matej"]
[Result "1-0"]
[WhiteElo "2051"]
[BlackElo "1668"]
[WhiteFideId "23725001"]
[BlackFideId "23735074"]
[PlyCount "0"]
[EventDate "2023.08.26"]

1. d4 Nf6 2. c4 e6 3. Nf3 b6 4. g3 Bb7 5. Bg2 Be7 6. O-O O-O 7. Nc3 d5 8. Ne5
Nbd7 9. Qa4 Nxe5 10. dxe5 Ne4 11. Nxe4 dxe4 12. Rd1 Qe8 13. Qc2 Rd8 14. Be3 f5
15. exf6 Bxf6 16. Rxd8 Qxd8 17. Bxe4 Bxe4 18. Qxe4 Qc8 19. Rb1 Rd8 20. b3 c5
21. Kg2 Qd7 22. Rc1 Rc8 23. Rc2 Qc6 24. Qxc6 Rxc6 25. Rd2 Rc7 26. Kf3 Kf7
27. Bf4 e5 28. Be3 Ke6 29. Ke4 g5 30. f3 a6 31. Rd5 Rc8 32. a4 a5 33. Bd2 1-0

[Event "POHÁR města Říčany 2023"]
[Site "Městské kulturní středisko U labutě"]
[Date "2023.08.26"]
[Round "1.15"]
[White "Langmaier, Michal"]
[Black "Rousek, Jan"]
[Result "0-1"]
[WhiteElo "1662"]
[BlackElo "2028"]
[WhiteFideId "23727705"]
[BlackFideId "386669"]
[PlyCount "0"]
[EventDate "2023.08.26"]

1. d4 Nf6 2. c4 g6 3. g3 Bg7 4. Bg2 d5 5. cxd5 Nxd5 6. e4 Nb6 7. Ne2 e5 8. d5
c6 9. Nbc3 O-O 10. O-O cxd5 11. exd5 Nc4 12. b3 Nd6 13. Bb2 Re8 14. Re1 b6
15. Qd2 Bb7 16. Rac1 Na6 17. f4 e4 18. Nd4 Nc5 19. Bf1 Nd3 20. Nce2 Nxe1
21. Rxe1 Bxd5 22. Nc3 Bb7 23. Qe3 Nc4 0-1

[Event "POHÁR města Říčany 2023"]
[Site "Městské kulturní středisko U labutě"]
[Date "2023.08.26"]
[Round "1.16"]
[White "Rajnys, Vladimir"]
[Black "Gacho, Ondrej"]
[Result "1/2-1/2"]
[WhiteElo "2025"]
[BlackElo "1659"]
[WhiteFideId "308200"]
[BlackFideId "23718102"]
[PlyCount "0"]
[EventDate "2023.08.26"]

1. e4 c5 2. Nc3 Nc6 3. g3 d6 4. Bg2 e5 5. d3 Nf6 6. f4 Bg4 7. Nf3 Nd4 8. h3
Nxf3+ 9. Bxf3 Bxf3 10. Qxf3 Qd7 11. Bd2 Be7 12. f5 h6 13. g4 b5 14. O-O-O b4
15. Ne2 Qa4 16. Kb1 a5 17. h4 O-O-O 18. g5 hxg5 19. hxg5 Nd7 {necitelne} 1/2-1/2

[Event "POHÁR města Říčany 2023"]
[Site "Městské kulturní středisko U labutě"]
[Date "2023.08.26"]
[Round "1.17"]
[White "Lavrincik, Pavel"]
[Black "Pecka, Jan"]
[Result "1/2-1/2"]
[WhiteElo "1657"]
[BlackElo "2004"]
[WhiteFideId "320188"]
[BlackFideId "23712520"]
[PlyCount "0"]
[EventDate "2023.08.26"]

1. c4 b6 2. Nc3 Bb7 3. e4 e6 4. g3 Nf6 5. Bg2 Bb4 6. Nge2 O-O 7. O-O d5 8. cxd5
exd5 9. e5 Ne4 10. d4 c5 11. a3 Bxc3 12. bxc3 Ba6 13. Bd2 Nc6 14. f3 Nxd2
15. Qxd2 cxd4 16. cxd4 Na5 17. Qa2 Bc4 18. Qb2 Qc8 19. f4 Qa6 20. Rf2 Rac8
21. f5 Bxe2 22. Rxe2 Nb3 23. Rf1 Nxd4 24. Rd2 Nb5 25. Bxd5 Rc5 26. e6 Qxa3
27. exf7+ Kh8 28. Qe5 Qc3 29. Qf4 Nc7 30. Be6 Qe5 31. Qxe5 Rxe5 32. Ba2 g6
33. Rd7 Rc5 34. f6 Nb5 35. Re7 Rc7 36. Rfe1 Rcc8 37. Re8 Nd6 38. Rxf8+ Rxf8
39. Re7 a5 40. Bd5 h6 41. Rd7 Nf5 42. Be6 Kh7 43. Re7 Nd6 44. Rd7 Nf5 1/2-1/2

[Event "POHÁR města Říčany 2023"]
[Site "Městské kulturní středisko U labutě"]
[Date "2023.08.26"]
[Round "1.18"]
[White "Novotny, David"]
[Black "Vit, Zdenek"]
[Result "1-0"]
[WhiteElo "1985"]
[BlackElo "1654"]
[WhiteFideId "374083"]
[BlackFideId "23706830"]
[PlyCount "0"]
[EventDate "2023.08.26"]

1. e4 e5 2. Bc4 Nc6 3. Nf3 Bc5 4. c3 Nf6 5. d3 d6 6. O-O O-O 7. h3 h6 8. Re1 a6
9. a4 Bd7 10. a5 Qc8 11. Bb3 Be6 12. Bc2 Ne7 13. Nbd2 Ne8 14. Nf1 f5 15. d4 fxe4
16. Bxe4 Ba7 17. dxe5 dxe5 18. Be3 Bxe3 19. Nxe3 Nd6 20. Nd5 {chybi tahy} 1-0

[Event "POHÁR města Říčany 2023"]
[Site "Městské kulturní středisko U labutě"]
[Date "2023.08.26"]
[Round "1.19"]
[White "Chernyy, Andrey"]
[Black "Zemlicka, Vit"]
[Result "0-1"]
[WhiteElo "1638"]
[BlackElo "1950"]
[WhiteFideId "23723785"]
[BlackFideId "303143"]
[PlyCount "0"]
[EventDate "2023.08.26"]

1. e4 g6 2. d4 Bg7 3. Nf3 d6 4. Nc3 a6 5. Bd3 Nc6 6. Be3 Bg4 7. Bc4 Nf6 8. Qd2
e5 9. dxe5 dxe5 10. O-O-O O-O 11. Qe2 Nd4 12. Bxd4 exd4 13. h3 Bxf3 14. Qxf3 Nd7
15. Ne2 c5 16. Bd5 Rb8 17. h4 h5 18. Qg3 Ne5 19. Nf4 Qf6 20. Nd3 Nxd3+ 21. Qxd3
b5 {vynechani tahu} 0-1

[Event "POHÁR města Říčany 2023"]
[Site "Městské kulturní středisko U labutě"]
[Date "2023.08.26"]
[Round "1.20"]
[White "Popov, Roman"]
[Black "Tichy, Tomas"]
[Result "1/2-1/2"]
[WhiteElo "1925"]
[BlackElo "1634"]
[WhiteFideId "23732580"]
[BlackFideId "23715430"]
[PlyCount "0"]
[EventDate "2023.08.26"]

1. d4 Nf6 2. c4 e6 3. Nc3 Bb4 4. a3 Bxc3+ 5. bxc3 O-O 6. f3 Nh5 7. g3 f5 8. e3
b6 9. Bd3 Bb7 10. Nh3 d6 11. O-O Nd7 12. e4 h6 13. Be3 Qf6 14. Qe2 Rae8 15. g4
Qh4 16. Qg2 fxg4 17. fxg4 Nhf6 18. Rf4 Nh7 19. Raf1 Qe7 20. Rxf8+ Rxf8 21. Nf4
e5 22. Ng6 Rxf1+ 23. Qxf1 Qf6 24. Qf5 Nhf8 25. Nxf8 Nxf8 26. Qxf6 gxf6 27. Bxh6
Ne6 28. Be3 Kg7 29. Kg2 Ng5 30. d5 Bc8 31. Kg3 Bd7 32. h4 Nf7 33. h5 Ng5 34. Kh4
Nf3+ 35. Kg3 Ng5 36. Bxg5 fxg5 37. Be2 Ba4 38. Kf3 Bc2 39. Ke3 Ba4 40. Kd2 Bb3
41. Kd3 Ba4 42. Kd2 Bb3 43. Kc1 Ba4 44. Bd1 Bd7 45. Kb2 a5 46. Kb3 Be8 47. Kb2
Bd7 48. Kb3 Be8 49. Be2 Bd7 50. Kc2 Ba4+ 1/2-1/2

[Event "POHÁR města Říčany 2023"]
[Site "Městské kulturní středisko U labutě"]
[Date "2023.08.26"]
[Round "1.21"]
[White "Cabela, Filip"]
[Black "Benes, Jachym"]
[Result "1/2-1/2"]
[WhiteElo "1631"]
[BlackElo "1914"]
[WhiteFideId "23753552"]
[BlackFideId "23710870"]
[PlyCount "0"]
[EventDate "2023.08.26"]

1. e4 a6 2. d4 b5 3. Bd3 Bb7 4. c3 Nf6 5. Qe2 e6 6. Nf3 Be7 7. Nbd2 c5 8. dxc5
Bxc5 9. O-O d5 10. Bxb5+ Nbd7 11. Bd3 Qc7 12. Bc2 a5 13. exd5 Nxd5 14. Ne4 Be7
15. Nd4 Ne5 16. Ba4+ Kf8 17. f4 Nd7 18. Ng5 Qd6 19. Qh5 g6 20. Qh6+ Ke8 21. Ne4
Qc7 22. f5 exf5 23. Nxf5 gxf5 24. Rxf5 Qb6+ 25. Kh1 Qxh6 26. Bxh6 Ra6 27. Bg5
{1. partiar necitelny a 2. chybi tahy} 1/2-1/2

[Event "POHÁR města Říčany 2023"]
[Site "Městské kulturní středisko U labutě"]
[Date "2023.08.26"]
[Round "1.22"]
[White "Pressler, Tobias"]
[Black "Dejmek, Tomas"]
[Result "1-0"]
[WhiteElo "1912"]
[BlackElo "1626"]
[WhiteFideId "23715359"]
[BlackFideId "23719222"]
[PlyCount "0"]
[EventDate "2023.08.26"]

1. e4 e5 2. Nf3 Nc6 3. d4 exd4 4. Nxd4 Qh4 5. Nc3 Bb4 6. Be2 Qxe4 7. Nb5 Bxc3+
8. bxc3 Kd8 9. O-O Nf6 10. Bd3 Qd5 11. Bf4 d6 12. Re1 a6 13. c4 Qc5 14. Be3 Qh5
15. Nxd6 Qxd1 16. Raxd1 Ne5 17. Ne4 Nxd3 18. Nxf6 gxf6 19. Rxd3+ Ke8 20. Bg5+
Be6 21. Bxf6 Rg8 22. Red1 1-0

[Event "POHÁR města Říčany 2023"]
[Site "Městské kulturní středisko U labutě"]
[Date "2023.08.26"]
[Round "1.23"]
[White "Sadil, Pavel"]
[Black "Kopecky, Jiri"]
[Result "0-1"]
[WhiteElo "1615"]
[BlackElo "1910"]
[WhiteFideId "23710373"]
[BlackFideId "317152"]
[PlyCount "0"]
[EventDate "2023.08.26"]

1. d4 Nf6 2. Nf3 e6 3. e3 b6 4. Bd3 Bb7 5. c3 Be7 6. Nbd2 d5 7. Qc2 Nbd7 8. e4
dxe4 9. Nxe4 h6 10. O-O O-O 11. b3 Rc8 12. Qe2 c5 13. Bb2 Nd5 14. g3 Rc7
15. Rfd1 Qc8 16. Rac1 Rd8 17. c4 N5f6 18. d5 exd5 19. cxd5 Bxd5 20. Ba6 Bb7
21. Bxb7 Rxb7 22. Nd6 Bxd6 23. Rxd6 Ne8 24. Rd5 Ndf6 25. Rxd8 Qxd8 26. Qc4 Qd5
27. Qc3 Rd7 28. Re1 Qd3 29. Kg2 Qxc3 30. Bxc3 Kf8 31. Re2 Nd5 32. Rd2 Nef6
33. Bb2 Ke8 34. Re2+ Kf8 35. h3 Rc7 36. Nd2 Re7 37. Kf3 Rxe2 38. Kxe2 Ke7 39. a3
b5 40. Kd3 g6 41. Ne4 Nxe4 42. Kxe4 Ke6 43. g4 Ne7 44. f4 f5+ 45. Kd3 Kd5
46. Bf6 Nc6 47. Bg7 h5 48. gxh5 gxh5 49. h4 Nd4 50. b4 c4+ 51. Kd2 Nf3+ 0-1